Says Who (Record no. 43135)

MARC details
000 -LEADER
fixed length control field 00286nam a2200121Ia 4500
008 - FIXED-LENGTH DATA ELEMENTS--GENERAL INFORMATION
fixed length control field 241028s9999 xx 000 0 und d
041 ## - LANGUAGE CODE
Language code of text/sound track or separate title eng
082 ## - DEWEY DECIMAL CLASSIFICATION NUMBER
Classification number 428 CUR
100 ## - MAIN ENTRY--PERSONAL NAME
Personal name Anne Curzan
245 ## - TITLE STATEMENT
Title Says Who
260 ## - PUBLICATION, DISTRIBUTION, ETC.
Name of publisher, distributor, etc. crownpublishing.con
Place of publication, distribution, etc. London
Date of publication, distribution, etc. 2024
300 ## - PHYSICAL DESCRIPTION
Extent 321;. P. 23 cm
Holdings
Withdrawn status Lost status Source of classification or shelving scheme Damaged status Not for loan Home library Current library Shelving location Date acquired Full call number Barcode Date last seen Cost, replacement price Price effective from Koha item type
    Dewey Decimal Classification     IMTN IMTN Rack 15-B 08/30/2024 428 CUR 33565 10/28/2024 868.00 10/28/2024 Books
Designed & Maintained by: LRC IMT Nagpur Contact: lrc@imtnag.ac.in© 2024. All Rights Reserved.